Normal view
MARC view
- ربيع، محمد شحاته
Entry Personal Name
001 - CONTROL NUMBER
- control field: 52919
003 - CONTROL NUMBER IDENTIFIER
- control field: JO-AjAnu
005 - DATE AND TIME OF LATEST TRANSACTION
- control field: 20230606082708.0
008 - FIXED-LENGTH DATA ELEMENTS
- fixed length control field: 230606|| aca||aabn | a|a d
040 ## - CATALOGING SOURCE
- Original cataloging agency: JO-AjAnu
- Transcribing agency: JO-AjAnu
100 ## - HEADING--PERSONAL NAME
- Personal name: ربيع، محمد شحاته
670 ## - SOURCE DATA FOUND
- Source citation: Work cat.: (JO-AjAnu)27038: ربيع، محمد شحاته, author, قياس الشخصية